ბათუმის შოთა რუსთაველის სახელმწიფო უნივერსიტეტის ბიბლიოთეკა

სტანდარტიზაცია და სერტიფიკაცია : Standardization and Certification / (ბიბ.ჩანაწერი № 50667)

000 -ლიდერი
ფიქსირებული სიგრძის საკონტროლო ველი 01685nam a2200265Ia 4500
001 - საკონტროლო ნომერი
საკონტროლო ველი 17618
003 - საკონტროლო ნომრის იდენტიფიკატორი
საკონტროლო ველი GE_BSU
005 - ბოლო ოპერაციის თარიღი და დრო
საკონტროლო ველი 20200220123309.0
008 - ფიქსირებული სიგრძის მონაცემთა ელემენტები - ზოგადი ინფორმაცია
ფიქსირებული სიგრძის საკონტროლო ველი 181216s2014ge xx |||||||||||||| ||geo||
020 ## - წიგნის საერთაშორისო სტანდარტული ნომერი
International Standard Book Number 9789941435348
040 ## - კატალოგიზაციის წყარო
Transcribing agency GE_BSU
041 ## - ენის კოდი
Language code of text/sound track or separate title geo
080 ## - უნივერსალური ათობითი კლასიფიკაციის ინდექსი
Universal Decimal Classification number 006 მ-25
100 ## - მთავარი ჩანაწერი - პიროვნების სახელი
Personal name მამულაძე, რომან.
9 (RLIN) 7235
245 ## - ცნობა სათაურის შესახებ
Title სტანდარტიზაცია და სერტიფიკაცია : Standardization and Certification /
Statement of responsibility, etc რომან მამულაძე ; ზაურ ფუტკარაძე ; რედ . ანზორ აბრალავა .
264 ## - წარმოების, გამოცემის, დისტრიბუციის და სხვა ცნობები
გამოცემის, წარმოების, დისტრიბუციის... ადგილი ბათუმი :
გამოცემის, წარმოების, დისტრიბუციის... სახელწოდება ალიონი,
გამოცემის, წარმოების, დისტრიბუციის... თარიღი 2014.
300 ## - ფიზიკური აღწერა
Extent 334 გვ.:
Other physical details ცხრ,
Dimensions 20 სმ.
504 ## - BIBLIOGRAPHY, ETC. NOTE
Bibliography, etc ბიბლიოგრ.გვ:326-329
653 ## - INDEX TERM--UNCONTROLLED
Uncontrolled term სახელმძღვანელოში განხილულია პროდუქციის ხარისხთან და კონკურენტუნარიანობასთან დაკავშირებული საკითხები.სახელმძღვანელო განკუთვნილია ბიზნესის ადმინისტრირების მიმართულების სტუდენტებისათვის.
653 ## - INDEX TERM--UNCONTROLLED
Uncontrolled term სტანდარტები
653 ## - INDEX TERM--UNCONTROLLED
Uncontrolled term სტანდარტიზაცია და სერტიფიკაცია
700 ## - ADDED ENTRY--PERSONAL NAME
Personal name ფუტკარაძე, ზაურ
9 (RLIN) 7236
700 ## - ADDED ENTRY--PERSONAL NAME
Personal name აბრალავა, ანზორ
Relator term რედაქტორი
9 (RLIN) 5290
942 ## - ADDED ENTRY ELEMENTS (KOHA)
Koha item type წიგნი
Source of classification or shelving scheme
ეგზემპლარები
ჩამოწერის სტატუსი დაკარგული ეგზემპლარის სტატუსი კლასიფიკაციის წყარო ან თაროზე გაწყობის სქემა დაზიანების სტატუსი არ გაიცემა მუდმივი მდებარეობა (დაცვის ადგილი) ამჟამინდელი ადგილსამყოფელი თაროზე განთავსების ადგილი შეძენის თარიღი სრული შენახვის შიფრი შტრიხკოდი ბოლო ოპერაციის თარიღი ეგზემპლარის მიმდევრობითი ნომერი (კეტერი?) ფასის ძალაში შესვლის თარიღი ეგზემპლარის სახეობა
          ბათუმის შოთა რუსთაველის სახელმწიფო უნივერსიტეტის მთავარი ბიბლიოთეკა ბათუმის შოთა რუსთაველის სახელმწიფო უნივერსიტეტის მთავარი ბიბლიოთეკა წიგნსაცავი 2018-12-17 006 მ-25 45616 2018-12-17 45616 2018-12-17 წიგნი